| 000 | 02061nam0a2200301 4500 | ||
|---|---|---|---|
| 001 | RU\NLR\bibl\864182 | ||
| 005 | 20260407123914.0 | ||
| 021 |
_aRU _b2005-60192 _92953 |
||
| 035 | _a(NLR Aleph) 000852848 | ||
| 090 |
_a1491035 _c1491035 |
||
| 100 | _a20051101d2005 |||y0rusy50 ca | ||
| 101 | 0 | _arus | |
| 102 | _aRU | ||
| 105 | _ay ||||||||| | ||
| 200 | 1 |
_aАктуальные проблемы совместной деятельности органов государственного управления, учебных заведений и товаропроизводителей по повышению профессионального уровня сельскохозяйственных кадров _eматериалы Научно-производственной конференции _f[сост. и науч. ред. Часовских Н.П., д.с.-х.н.] |
|
| 210 |
_aОренбург _cПресса _d2005 |
||
| 215 |
_a135 с. _d21 |
||
| 300 | _aВ надзаг.: М-во сел. хоз-ва Рос. Федерации, Деп. агропром. комплекса Оренб. обл., Оренб. регион. ин-т переподгот. и повышения квалификации руководящих кадров и специалистов агропром. комплекса | ||
| 606 | 1 |
_aСельское хозяйство _jСъезды, совещания и т.п. _xКадры _xПодготовка _91022096 _3RU\NLR\auth\66390746 |
|
| 686 | _aЧ458.8я431 | ||
| 702 | 1 |
_aЧасовских _bН. П. _gНиколай Павлович _4220 |
|
| 712 | 0 | 2 |
_4570 _aОренбургский региональный институт переподготовки и повышения квалификации руководящих кадров и специалистов агропромышленного комплекса _3RU\NLR\AUTH\8810073435 _9648925 |
| 801 | 0 |
_aRU _bNLR _c20051101 _grcr |
|
| 801 | 1 |
_aRU _bNLR _c20051101 |
|
| 830 | _aсост. по ЭК | ||
| 942 | _cBOOK | ||
| 980 | _aNB | ||